Gosudarstvennyj socializm i obrazovanije novogo klassa v SSSR.

Bakuninova kritika autoritárskeho socializmu budovaného v Rusku. Monopolizmus a tvrdá centralizácia ekonomiky. Politické idey štátneho socializmu v ZSSR (diktatúra proletariátu). Byrokratizácia národného hospodárstva. Berd'ajevova analýza zmyslu a zdrojov ruského komunizmu v 30. rokoch. Vznik novej...

Ausführliche Beschreibung

Gespeichert in:
Bibliographische Detailangaben
1. Verfasser: Cholodkov, V.
Format: Buchkapitel
Sprache:Russisch
Schlagworte:
Tags: Tag hinzufügen
Keine Tags, Fügen Sie das erste Tag hinzu!

MARC

LEADER 00000naa a2200000 4500
001 r010205
005 20221130113311.7
041 0 |a rus 
044 |a [SU] 
245 1 0 |a Gosudarstvennyj socializm i obrazovanije novogo klassa v SSSR.  |c V. Cholodkov 
520 |a Bakuninova kritika autoritárskeho socializmu budovaného v Rusku. Monopolizmus a tvrdá centralizácia ekonomiky. Politické idey štátneho socializmu v ZSSR (diktatúra proletariátu). Byrokratizácia národného hospodárstva. Berd'ajevova analýza zmyslu a zdrojov ruského komunizmu v 30. rokoch. Vznik novej triedy - byrokracie stojacej nad štátom a spoločnosťou. Nová trieda M. Djilasa. 
610 2 0 |a socializmus 
610 2 0 |a hospodárstvo národné 
610 2 0 |a byrokracia 
610 2 0 |a monopoly 
610 2 0 |a centralizmus 
610 2 0 |a Rusko 
610 2 0 |a Bakunin, M.A. 
100 1 |a Cholodkov, V.